Identity, youth, and crisis/ (Record no. 1000)

MARC details
000 -LEADER
fixed length control field 00579cam a2200229 4500
005 - DATE AND TIME OF LATEST TRANSACTION
control field 20260322212042.0
008 - FIXED-LENGTH DATA ELEMENTS--GENERAL INFORMATION
fixed length control field data
010 ## - LIBRARY OF CONGRESS CONTROL NUMBER
LC control number 67-17681
040 ## - CATALOGING SOURCE
Original cataloging agency DNLM
Transcribing agency DNLM
041 09 - LANGUAGE CODE
Language code of text/sound track or separate title eng
060 00 - NATIONAL LIBRARY OF MEDICINE CALL NUMBER
Classification number BF 697
Item number E68i 1968
090 ## - LOCALLY ASSIGNED LC-TYPE CALL NUMBER (OCLC); LOCAL CALL NUMBER (RLIN)
Classification number (OCLC) (R) ; Classification number, CALL (RLIN) (NR) BF 697 E68 1968
001 - CONTROL NUMBER
control field data
100 1# - MAIN ENTRY--PERSONAL NAME
Personal name Erikson, Erik H.
Dates associated with a name 1902-1994.
Fuller form of name (Erik Homburger),
245 10 - TITLE STATEMENT
Title Identity, youth, and crisis/
Statement of responsibility, etc. Erik H. Erikson.
250 ## - EDITION STATEMENT
Edition statement [1st ed.]
260 ## - PUBLICATION, DISTRIBUTION, ETC.
Place of publication, distribution, etc. New York,
Name of publisher, distributor, etc. Norton
Date of publication, distribution, etc. [c1968]
300 ## - PHYSICAL DESCRIPTION
Extent 336 p.
500 ## - GENERAL NOTE
General note Includes bibliography.
650 #2 - SUBJECT ADDED ENTRY--TOPICAL TERM
Topical term or geographic name entry element Identification (Psychology)
655 #2 - INDEX TERM--GENRE/FORM
Genre/form data or focus term Essays
Holdings
Withdrawn status Lost status Damaged status Not for loan Home library Current library Shelving location Date acquired Total checkouts Full call number Barcode Date last seen Price effective from Koha item type
        Pleasant Valley Pleasant Valley General stacks 22/03/2026   GEN BC0011033 22/03/2026 22/03/2026 Books